Účtovanie a zdaňovanie finančného prenájmu diplomová práca

Gespeichert in:
Bibliographische Detailangaben
1. Verfasser: Weiser, Lukáš
Körperschaft: Národohospodárska fakulta EU. Katedra financií
Weitere Verfasser: Staríčková, Zuzana
Format: Buch
Sprache:Slowakisch
Veröffentlicht: Bratislava 2012
Tags: Tag hinzufügen
Keine Tags, Fügen Sie das erste Tag hinzu!

MARC

LEADER 00000nbm a2200000 4500
001 0160763
005 20161109102239.7
041 0 |a slo 
044 |a SK 
245 1 0 |a Účtovanie a zdaňovanie finančného prenájmu  |b diplomová práca  |c Lukáš Weiser ; školiteľ: Zuzana Staríčková 
264 1 |a Bratislava  |c 2012 
300 |a 78 s. 
100 1 |a Weiser, Lukáš 
700 1 |a Staríčková, Zuzana 
710 2 |a Národohospodárska fakulta EU. Katedra financií